Sinnoh Region Pokédex - Statistics

General Stats
  • This quiz has been taken 177 times
  • The average score is 138 of 210
Answer Stats
Number Type Pokémon % Correct
006 Fire/Fighting Infernape
97%
001 Grass Turtwig
97%
004 Fire Chimchar
96%
009 Water/Steel Empoleon
96%
007 Water Piplup
96%
010 Normal/Flying Starly
95%
003 Grass/Ground Torterra
95%
012 Normal/Flying Staraptor
94%
002 Grass Grotle
93%
013 Normal Bidoof
92%
005 Fire/Fighting Monferno
92%
011 Normal/Flying Staravia
92%
019 Electric Luxray
91%
008 Water Prinplup
91%
014 Normal/Water Bibarel
90%
149 Steel/Dragon Dialga
89%
018 Electric Luxio
89%
210 Ghost/Dragon Giratina
88%
017 Electric Shinx
88%
031 Rock/Ground Geodude
87%
032 Rock/Ground Graveler
87%
034 Rock/Ground Onix
87%
150 Water/Dragon Palkia
87%
035 Steel/Ground Steelix
87%
033 Rock/Ground Golem
86%
025 Grass/Poison Budew
85%
071 Ghost/Poison Gengar
85%
024 Water/Flying Gyarados
85%
023 Water Magikarp
85%
111 Dragon/Ground Garchomp
84%
109 Dragon/Ground Gible
84%
070 Ghost/Poison Haunter
84%
026 Grass/Poison Roselia
84%
027 Grass/Poison Roserade
84%
069 Ghost/Poison Gastly
83%
030 Poison/Flying Crobat
82%
029 Poison/Flying Golbat
82%
016 Bug Kricketune
82%
042 Fighting Machamp
82%
040 Fighting Machop
82%
028 Poison/Flying Zubat
82%
116 Fighting/Steel Lucario
81%
041 Fighting Machoke
81%
202 Fire Magmortar
81%
110 Dragon/Ground Gabite
80%
020 Psychic Abra
78%
021 Psychic Kadabra
78%
015 Bug Kricketot
78%
022 Psychic Alakazam
77%
045 Bug Burmy
77%
036 Rock Cranidos
77%
199 Electric Electivire
77%
201 Fire Magmar
77%
075 Dark/Flying Honchkrow
76%
200 Fire Magby
76%
074 Dark/Flying Murkrow
76%
115 Fighting Riolu
76%
152 Electric/Ghost Rotom
76%
039 Rock/Steel Bastiodon
75%
197 Electric Elekid
75%
073 Ghost Mismagius
75%
037 Rock Rampardos
75%
046 Bug/Grass Wormadam
75%
051 Bug Cascoon
74%
198 Electric Electabuzz
74%
057 Water Floatzel
74%
038 Rock/Steel Shieldon
74%
049 Bug Silcoon
74%
108 Ghost/Dark Spiritomb
74%
050 Bug/Flying Beautifly
73%
056 Water Buizel
73%
065 Ghost/Flying Drifloon
73%
087 Fighting/Psychic Medicham
73%
052 Bug/Poison Dustox
72%
086 Fighting/Psychic Meditite
72%
072 Ghost Misdreavus
72%
047 Bug/Flying Mothim
72%
148 Psychic Azelf
71%
170 Ice Glaceon
71%
169 Grass Leafeon
71%
144 Dark/Ice Sneasel
71%
048 Bug Wurmple
71%
143 Grass/Ice Abomasnow
70%
129 Poison/Fighting Croagunk
70%
066 Ghost/Flying Drifblim
70%
208 Ice/Ghost Froslass
70%
163 Normal Eevee
69%
166 Fire Flareon
69%
160 Psyhic/Fighting Gallade
69%
103 Electric Pichu
69%
060 Water Shellos
69%
130 Poison/Fighting Toxicroak
69%
145 Dark/Ice Weavile
69%
089 Steel/Psychic Bronzong
68%
159 Psychic Gardevoir
68%
061 Water/Ground Gastrodon
68%
165 Electric Jolteon
68%
158 Psychic Kirlia
68%
178 Electric/Steel Magnemite
68%
104 Electric Pikachu
68%
090 Fire Ponyta
68%
157 Psychic Ralts
68%
206 Ice Snorunt
68%
168 Dark Umbreon
68%
146 Psychic Uxie
68%
088 Steel/Psychic Bronzor
67%
205 Ice/Ground Mamoswine
67%
147 Psychic Mesprit
67%
105 Electric Raichu
67%
091 Fire Rapidash
67%
164 Water Vaporeon
67%
128 Poison/Dark Drapion
66%
167 Psychic Espeon
66%
207 Ice Glalie
66%
062 Bug/Fighting Heracross
66%
179 Electric/Steel Magneton
66%
142 Grass/Ice Snover
66%
180 Electric/Steel Magnezone
65%
055 Electric Pachirisu
65%
204 Ice/Ground Piloswine
65%
187 Ground/Rock Rhydon
64%
188 Ground/Rock Rhyperior
64%
203 Ice/Ground Swinub
64%
153 Ground/Flying Gligar
63%
154 Ground/Flying Gliscor
63%
043 Water Psyduck
63%
118 Water/Ground Quagsire
63%
127 Poison/Bug Skorupi
63%
177 Dark/Fire Houndoom
62%
195 Bug/Flying Scyther
62%
053 Bug/Flying Combee
61%
044 Water Golduck
61%
112 Normal Munchlax
61%
084 Poison/Dark Stunky
61%
117 Water/Ground Wooper
61%
191 Ghost Dusknoir
60%
196 Bug/Steel Scizor
60%
113 Normal Snorlax
60%
136 Water/Poison Tentacool
60%
137 Water/Poison Tentacruel
60%
184 Bug/Flying Yanmega
60%
123 Ground Hippowdon
59%
176 Dark/Fire Houndour
59%
120 Water/Flying Pelipper
59%
054 Bug/Flying Vespiquen
59%
183 Bug/Flying Yanma
59%
122 Ground Hippopotas
58%
186 Ground/Rock Rhyhorn
58%
085 Poison/Dark Skuntank
58%
119 Water/Flying Wingull
58%
134 Water Finneon
57%
135 Water Lumineon
57%
139 Water Milotic
57%
077 Normal Purugly
57%
058 Grass Cherubi
56%
190 Ghost Dusclops
56%
138 Water Feebas
56%
076 Normal Glameow
56%
096 Normal Happiny
56%
175 Normal/Flying Togekiss
56%
059 Grass Cherrim
55%
189 Ghost Duskull
55%
098 Normal Blissey
54%
097 Normal Chansey
54%
094 Psychic Mime Jr.
54%
080 Water/Ground Barboach
53%
082 Psychic Chingling
53%
140 Water/Flying Mantyke
53%
095 Psychic Mr. Mime
53%
155 Rock Nosepass
53%
156 Rock/Steel Probopass
53%
081 Water/Ground Whiscash
53%
173 Normal Togepi
52%
078 Water Goldeen
51%
174 Normal/Flying Togetic
51%
131 Grass Carnivine
49%
083 Psychic Chimecho
49%
121 Normal/Psychic Girafarig
49%
141 Water/Flying Mantine
49%
079 Water Seaking
49%
181 Grass Tangela
48%
151 Water Manaphy
47%
182 Grass Tangrowth
47%
172 Dragon/Flying Altaria
46%
067 Normal Buneary
46%
171 Normal/Flying Swablu
46%
068 Normal Lopunny
45%
092 Rock Bonsly
44%
100 Normal Clefairy
44%
099 Normal Cleffa
44%
093 Rock Sudowoodo
43%
185 Grass/Flying Tropius
43%
102 Normal/Flying Chatot
42%
101 Normal Clefable
42%
192 Normal Porygon
42%
194 Normal Porygon-Z
42%
064 Normal Ambipom
41%
193 Normal Porygon2
41%
063 Normal Aipom
39%
133 Water Octillery
38%
132 Water Remoraid
36%
106 Normal/Flying Hoothoot
35%
162 Normal Lickilicky
35%
107 Normal/Flying Noctowl
35%
161 Normal Lickitung
34%
209 Dark Absol
31%
125 Water Marill
29%
124 Normal Azurill
28%
126 Water Azumarill
27%
114 Psychic Unown
25%
No matching quizzes found
Score Distribution
Percent of People with Each Score
Percentile by Number Answered
Your Score History
You have not taken this quiz